000 00521nam a22002177a 4500
003 UA-OsUOA
001 52080
007 ta
008 20080129b un ||||| |||| 00| 0 ukr d
100 _aКорнійчук О.
090 _a32
_bК-67
942 _cSA
040 _aUA-OsUOA
_bukr
_cUA-OsUOA
_dUA-OsUOA
245 _aДепутати за Острог без азартних ігор.
300 _aС.2
955 _a0
041 _aukr
080 _a32
773 0 _w52077
650 7 _a32 Політика
_2UDC
999 _c338171
_d338171